International dimensions of bilingual education

Uloženo v:
Podrobná bibliografie
Hlavní autor: Alatis, James E (Autor)
Médium: Kniha
Jazyk:angličtina
Vydáno: Washington, D.C Georgetown University Press 1978
Témata:
Tagy: Přidat tag
Žádné tagy, Buďte první, kdo vytvoří štítek k tomuto záznamu!

MARC

LEADER 00000nam a2200000 a 4500
001 UCH0395
003 CL-VaPUC
008 090312e19780000US |||||||||||||||||eng|d
020 |a 087840113X 
082 0 4 |a 306.446  |b ALA  |2 21 
100 0 |a Alatis, James E  |e author  |9 534569 
245 1 0 |a International dimensions of bilingual education 
300 |a 688 p 
942 |c BK 
945 |d 20090312 00:00:00  |a rbrito 
260 |a Washington, D.C  |b Georgetown University Press  |c 1978 
650 0 |a Bilingüismo  |9 307482 
650 0 |a Enseñanza del lenguaje  |9 373325 
650 0 |a Lingüística  |9 265068 
583 |a last modification  |c 20130320 01:04:25  |k Rodrigo Vera 
999 |c 332725  |d 332723 
952 |0 0  |1 0  |4 0  |6 306_446000000000000_ALA_1978  |7 0  |8 A  |9 420621  |a FDOPOS  |b FDOPOS  |d 2019-11-22  |i 4516427  |o 306.446 ALA 1978  |p 4516427  |r 2025-01-22  |w 2019-11-22  |y BK  |k MLA